<?xml version="1.0" encoding="UTF-8"?>
<record
    xmlns:xsi="http://www.w3.org/2001/XMLSchema-instance"
    xsi:schemaLocation="http://www.loc.gov/MARC21/slim http://www.loc.gov/standards/marcxml/schema/MARC21slim.xsd"
    xmlns="http://www.loc.gov/MARC21/slim">

  <leader>01356naa a2200229Ia 4500</leader>
  <controlfield tag="003">OSt</controlfield>
  <controlfield tag="005">20241017165704.0</controlfield>
  <controlfield tag="008">200107s2018    xx            000 0 und d</controlfield>
  <datafield tag="040" ind1=" " ind2=" ">
    <subfield code="c">Foundation University</subfield>
  </datafield>
  <datafield tag="050" ind1=" " ind2=" ">
    <subfield code="a">LG 221 D35 G73 </subfield>
    <subfield code="b">A6 E38 2018 R1452</subfield>
  </datafield>
  <datafield tag="100" ind1=" " ind2=" ">
    <subfield code="a">Ramirez, Susie</subfield>
    <subfield code="9">4062</subfield>
  </datafield>
  <datafield tag="245" ind1="1" ind2="0">
    <subfield code="a">School heads' big five personality dimensions in relation to job performance [dissertation] : </subfield>
    <subfield code="b">basis for a personality enhancement program.</subfield>
    <subfield code="c">Susie D. Ramirez.</subfield>
  </datafield>
  <datafield tag="264" ind1=" " ind2=" ">
    <subfield code="a">Dumaguete City</subfield>
    <subfield code="b">Foundation University, </subfield>
    <subfield code="c">2018.</subfield>
  </datafield>
  <datafield tag="300" ind1=" " ind2=" ">
    <subfield code="a">viii, 122 leaves :</subfield>
    <subfield code="b">ill. (col.)</subfield>
    <subfield code="c">275 cm</subfield>
  </datafield>
  <datafield tag="502" ind1=" " ind2=" ">
    <subfield code="e">Thesis Graduate (Doctor of Education) &#x2013; Foundation University. 2018</subfield>
  </datafield>
  <datafield tag="504" ind1=" " ind2=" ">
    <subfield code="a">Includes bibliographical references and appendices.</subfield>
  </datafield>
  <datafield tag="520" ind1=" " ind2=" ">
    <subfield code="a">Determines the extent to which school heads exhibit five personality dimensions and its impact on their job performance of which result served as basis in the formulation of a program design; findings reveal that the school heads' performance was "very satisfactory" and school heads exhibited the "Big Five" personality dimensions at a "High Extent."</subfield>
  </datafield>
  <datafield tag="650" ind1=" " ind2=" ">
    <subfield code="2">LC</subfield>
    <subfield code="a">School Superintendents and Principals</subfield>
    <subfield code="9">4063</subfield>
  </datafield>
  <datafield tag="690" ind1=" " ind2=" ">
    <subfield code="2">FU</subfield>
    <subfield code="a">"Big Five" Personality Dimensions</subfield>
    <subfield code="9">8529</subfield>
  </datafield>
  <datafield tag="690" ind1=" " ind2=" ">
    <subfield code="2">FU</subfield>
    <subfield code="a">Performance</subfield>
    <subfield code="9">8466</subfield>
  </datafield>
  <datafield tag="942" ind1=" " ind2=" ">
    <subfield code="2">lcc</subfield>
    <subfield code="c">DS</subfield>
    <subfield code="h">LG 221 D35 G73 </subfield>
    <subfield code="i">A6 E38 2018 R1452</subfield>
  </datafield>
  <datafield tag="999" ind1=" " ind2=" ">
    <subfield code="c">1935</subfield>
    <subfield code="d">1935</subfield>
  </datafield>
  <datafield tag="952" ind1=" " ind2=" ">
    <subfield code="0">0</subfield>
    <subfield code="1">0</subfield>
    <subfield code="2">lcc</subfield>
    <subfield code="4">0</subfield>
    <subfield code="7">0</subfield>
    <subfield code="a">FURACenter</subfield>
    <subfield code="b">URACenter</subfield>
    <subfield code="c">DST</subfield>
    <subfield code="d">2024-10-17</subfield>
    <subfield code="e">donated</subfield>
    <subfield code="o">LG 221 D35 G73 A6 E38 2018 R1452</subfield>
    <subfield code="p">0232024005008</subfield>
    <subfield code="r">2022-02-23 00:00:00</subfield>
    <subfield code="w">2022-02-23</subfield>
    <subfield code="y">DS</subfield>
    <subfield code="k">GS-DE-2024008</subfield>
  </datafield>
</record>
